| 000 | 00000nam##2200000za#4500 |
| 001 | 9.680111 |
| 003 | CaOODSP |
| 005 | 20200330063047 |
| 007 | ta |
| 008 | 150407|1997||||xxc||||| f|0| 0 fre|d |
| 020 | |a0-662-82029-0 |
| 040 | |aCaOODSP|bfre |
| 043 | |an-cn--- |
| 086 | 1 |aH68-41/1997F |
| 110 | 1 |aCanada.|bSanté Canada. |bConsei national du bien-être social. |
| 245 | 10|aPrestations pour enfants: un petit pas en avant : |brapport du Conseil national du bien-être social |
| 260 | |aOttawa - Ontario : |bSanté Canada. |c1997. |
| 300 | |a25p. : |bgraphiques, tableaux ; |c28 cm. |
| 500 | |a«Le présent rapport décrit ce qui est connu de la nouvelle Prestation fiscale canadienne pour enfants et ce qui reste à faire pour qu'elle entre en vigueur. Nous abordons aussi certaines autres questions qui préoccupent actuellement le Conseil national du bien-être social. Dans le dernier chapitre, nous adressons des recommandations aux gouvernements qui s'apprêtent à mettre la touche finale au projet de régime national de prestations pour enfants.»--Introduction. |
| 520 | 3 |aLe présent rapport décrit ce qui est connu de la nouvelle Prestation fiscale canadienne pour enfants et ce qui reste à faire pour qu'elle entre en vigueur. Nous abordons aussi certaines autres questions qui préoccupent actuellement le Conseil national du bien-être social. Dans le dernier chapitre, nous adressons des recommandations aux gouvernements qui s'apprêtent à mettre la touche finale au projet de régime national de prestations pour enfants.--Introduction |
| 563 | |aCouverture souple |
| 590 | |a97-26|b1997-06-27 |
| 691 | 07|aProgrammes sociaux|2gcpds |
| 775 | 08|tChild benefits: a small step forward : |w(CaOODSP)9.646584 |
| 776 | 0#|tPrestations pour enfants : |w(CaOODSP)9.640702 |